000 00710nam a2200229 i 4500
003 DO-SdUEMH
005 20260202145519.0
007 ta
008 260202s1982 dr |||gr|||| 00| 0 spa d
040 _aDO-SdUEMH
_bspa
_erda
041 _aspa
082 1 4 _mRD
_bE77
100 1 _eaut
245 _aColección de Leyes, Decretos y Resoluciones de los Poderes Legislativo y Ejecutivo de la República 1844-18 /
_cEnmanuel T. Esquea Guerrero
264 1 _aSanto Domingo, República Dominicana :
_bONAP,
_c1982
264 4 _c©1982
300 _a642 páginas :
_c20 cm.
336 _2rdacontent
_atexto
_btxt
337 _2rdamedia
_asin mediación
_bn
338 _2rdacarrier
_avolumen
_bnc
942 _2ddc
_cBK
_n0
999 _c18373
_d18373